000 00706nam a2200241 i 4500
001 C2-0318923
003 PPAK
005 20180728114747.0
008 121016s2012 my a|||| ||||| | may d
020 _a9789830688299
040 _aPPAK
_beng
_cPPAK
_erda
082 0 4 _a796
_223
090 0 0 _a796
_bRIG
_dRK
100 1 _aRigby, Christopher,
_eauthor
245 1 0 _a1000 perkara kamu patut tahu tentang sukan
264 1 _aKuala Lumpur :
_bInstitut Terjemahan Negara Malaysia ,
_c2012
300 _a61 pages :
_bcolour illustrations ;
_c27 cm.
336 _2rdacontent
_atext
337 _2rdamedia
_aunmediated
338 _2rdacarrier
_avolume
650 1 0 _aSports - Miscellanea
942 _ddc
_cB
999 _c119813
_d119813